Statistiques concernant Dessinez les frontières des Amériques

Cliquez ici pour prendre le quiz!

Statistiques générales

  • Ce quiz a été pris 133 fois
  • Le résultat moyen est 34 sur 38

Réponses sur la Carte

Les réponses sont colorées sur une échelle allant du rouge au vert en fonction du pourcentage des utilisateurs qui les ont devinées à leur premier essai. Vous pouvez retrouver ces pourcentages ci-dessous.
 

Statistiques - réponses

Réponse% Correct
Canada - États-Unis
100%
Mexique - États-Unis
99%
Argentine - Brésil
96%
Argentine - Chili
95%
Bolivie - Brésil
95%
Brésil - Uruguay
94%
Brésil - Venezuela
94%
Argentine - Bolivie
93%
Brésil - Colombie
93%
Brésil - Guyana
93%
Brésil - Paraguay
93%
Brésil - Pérou
93%
Brésil - Suriname
93%
Colombie - Venezuela
93%
Argentine - Paraguay
92%
Argentine - Uruguay
92%
Bolivie - Chili
91%
Colombie - Pérou
91%
Bolivie - Pérou
90%
Brésil - France
90%
Chili - Pérou
89%
Guatemala - Mexique
89%
Colombie - Équateur
88%
Guyana - Suriname
88%
Équateur - Pérou
86%
Guyana - Venezuela
86%
Honduras - Nicaragua
85%
Bolivie - Paraguay
84%
République Dominicaine - Haïti
84%
Belize - Mexique
83%
Colombie - Panama
83%
Costa Rica - Panama
83%
France - Suriname
83%
Guatemala - Honduras
83%
Costa Rica - Nicaragua
80%
Guatemala - Salvador
80%
Belize - Guatemala
78%
Honduras - Salvador
78%

Distribution des résultats

Percentile par nombre de réponses

% des personnes avec chaque résultat

Votre développement - résultats

Vous n’avez pas pris ce quiz